Macbeth characters Quiz Stats

 Plays Quiz not verified by Sporcle

Score 0/10 Timer 06:00
0 Plays Today
Hint Answer % Correct
Lady Macbeth
95.3%
Macbeth
95.3%
Macduff
92.2%
Banquo
87.5%
Malcolm
73.4%
Ross
57.8%
Lennox
51.6%
First Witch
32.8%
Second Witch
32.8%
Third Witch
32.8%

You're not logged in!

Compare scores with friends on all Sporcle quizzes.
OR
Log In

Sporcle TV

Today on Sporcle TV


Watch our educational content, quiz creation guides, and fun videos on Sporcle TV.

Show Comments

Extras

Created Dec 22, 2014ReportNominate
Tags:character, macbeth

Top Quizzes Today


Score Distribution

Your Account Isn't Verified!

In order to create a playlist on Sporcle, you need to verify the email address you used during registration. Go to your Sporcle Settings to finish the process.

Report this User

Report this user for behavior that violates our Community Guidelines.

Details: